000
00263nam a2200097Ia 4500
001
833350
005
20250826172413.0
008
250824s9999 xx 000 0 und d
245
0
_a
DİRİLİŞ NESLİNİN AMENTÜSÜ
_c
SEZAİ KARAKOÇ
260
_b
DİRİLİŞ YAYINLARI
999
_c
833350
_d
833350